Statistics for Deadliest Modern Wars in Europe

Click here to take the quiz!

General Stats

  • This quiz has been taken 73 times
  • The average score is 6 of 15

Answer Stats

HintAnswer% Correct
16,000,000 - 40,000,000+World War I
100%
85,000,000World War II
100%
3,500,000 - 7,000,000Napoleonic Wars
71%
4,000,000 - 12,000,000Thirty Years' War
58%
5,000,000 - 9,000,000Russian Civil War
52%
868,000 - 1,400,000Seven Years' War
44%
500,000 - 1,000,000Spanish Civil War
38%
433,571+Franco-Prussian War
35%
400,000 - 1,250,000War of the Spanish Succession
30%
876,000+The Wars of the Three Kingdoms
23%
600,000 - 700,000Eighty Years' War
20%
2,000,000 - 4,000,000French Wars of Religion
18%
380,000+Great Turkish War
11%
680,000+Nine Years' War
9%
3,000,000Deluge
6%

Score Distribution

Percentile by Number Answered

Percent of People with Each Score

Your Score History

You have not taken this quiz